Relevamiento físico y tecnológico de plantas elaboradoras de alimentos para pollos parrilleros de la provincia de Entre Ríos /
Guardado en:
| Autor Principal: | |
|---|---|
| Formato: | Libro |
| Idioma: | Spanish |
| Publicado: |
Buenos Aires :
Secretaría de Agricultura, Pesca y Alimentación,
1996.
|
| Etiquetas: |
Agregar Etiqueta
Sin Etiquetas, Sea el primero en etiquetar este registro!
|
| LEADER | 00791nam a22001575a 4500 | ||
|---|---|---|---|
| 001 | EEA.libagro005481 | ||
| 005 | 20180627092550.0 | ||
| 008 | 130809s1996####ag#a##########000#0#spa#d | ||
| 082 | 0 | 4 | |a 664.76 |
| 082 | 0 | 4 | |a 636.513 |
| 100 | 1 | |a Suárez, Delia Margarita. | |
| 245 | 1 | 0 | |a Relevamiento físico y tecnológico de plantas elaboradoras de alimentos para pollos parrilleros de la provincia de Entre Ríos / |c Delia M. Suárez .. [et al.]. |
| 260 | |a Buenos Aires : |b Secretaría de Agricultura, Pesca y Alimentación, |c 1996. | ||
| 300 | |a 23 h. : |b il., cuadros, gráf. ; |c 30 cm. | ||
| 500 | |a Programa Entrerriano de Reconversión del Complejo Agroindustrial Avícola de Carne, Cámara Entrerriana de Frigoríficos Avícolas. IPROSA, SAPyA, INTA, CFI. | ||
| 859 | |a AR-BbBCA |b BIB. AGRONOMIA |h 664.76 |i S939 |p 1996/2795 | ||
